| 000 | 00910nam a2200229 i 4500 | ||
|---|---|---|---|
| 001 | 110870 | ||
| 003 | ES-MaACL | ||
| 005 | 20260127062543.0 | ||
| 007 | t| | ||
| 008 | 070202s1921 sp ||||1| spa d | ||
| 080 | _a908(594) | ||
| 100 | 1 |
_aAbendanon, J. H., _d1852-1925 _918082 |
|
| 245 | 1 | 4 |
_aLas Indias Neerlandesas _b: Indicaciones relativas a su historia, su política, sus leyes, su administración, su cultura y su estado económico / _cpor J.H. Abendanón. |
| 260 |
_aMadrid : _bReus, _c1921. |
||
| 300 |
_a37 p. ; _c18 cm. |
||
| 490 | 1 |
_aPublicaciones de la Real Academia de Jurisprudencia y Legislación ; _v31 |
|
| 651 | 4 |
_aIndonesia- _xDescripción. _98842 |
|
| 700 |
_aReal Academia de Jurisprudencia y Legislación de España _9217612 |
||
| 830 | 0 |
_aPublicaciones de la Real Academia de Jurisprudencia y Legislación ; _v31 _9180630 |
|
| 852 |
_aES-MaACL _jL-5199 |
||
| 999 |
_c110870 _d110870 |
||